000 00509nam a2200193 a 4500
001 1771666227530
003 YourLibrary
005 20260221150218.0
008 260221s2001##################000#0#eng##
020 _a9780415274722
082 0 4 _a338.6042
_bGAB
100 1 _aGabszewicz, Jean Jaskold,
_eauthor.
245 1 0 _aLocation Theory :
260 _bPsychology Press,
_c2001.
300 _a208 pages
650 0 _aBusiness & Economics.
942 _cENGLISH
040 _aYourLibrary
_beng
_cYourLibrary
999 _c615294
_d615294